01221nam a2200313Ia 4500001001200000003000800012006001900020007001500039008004100054010001700095020002500112020002200137040002100159035002100180050002400201082001500225100002000240245018100260260004000441300001100481533015200492650002800644650002700672655002900699700001700728710001700745856012600762999001900888ebr10313751CaPaEBRm u cr cn|||||||||070419s2008 mau sd 000 0 eng d z 2007016518 z9781598691467 (pbk.) z1598691465 (pbk.) aCaPaEBRcCaPaEBR a(OCoLC)56797992414aHF1001b.M26 2008eb04a650.032221 aMcKay, H. Dean.10aBusiness words you should knowh[electronic resource] :bfrom accelerated depreciation to zero-based budgeting - learn the lingo for any field /cH. Dean McKay, and P.T. Shank. aAvon, Mass. :bAdams Media,cc2008. a249 p. aElectronic reproduction.bPalo Alto, Calif. :cebrary,d2009.nAvailable via World Wide Web.nAccess may be limited to ebrary affiliated libraries. 0aBusinessvDictionaries. 0aBusinessvTerminology. 7aElectronic books.2local1 aShank, P. T.2 aebrary, Inc.40uhttp://site.ebrary.com/lib/rucke/Doc?id=10313751zAn electronic book accessible through the World Wide Web; click to view c164678d164678